000 00454nam a2200181Ia 4500
008 230524s9999 xx 000 0 und d
020 _a9789384588366
082 _a4
_bABI
100 _aManaullah Abid
_942987
245 0 _aFundamentals of computers
250 _a1
260 _aNew Delhi
_bI.K.International
_c2015
300 _a"X,313p;"
500 _aQuantity Number: 1
650 _aComp-Sc
700 _aMohammad Amjad
_942988
942 _cBK
999 _c57937
_d57937